[Event "IND-ch U15"]
[Site "Mumbai"]
[Date "2009.11.02"]
[Round "2"]
[White "Gahan, MG."]
[Black "Akshay, Vijayan"]
[Result "1-0"]
[WhiteElo "2205"]
[BlackElo "1826"]
[PlyCount "63"]
[EventDate "2009.11.01"]
[EventType "swiss"]
[EventRounds "11"]
[EventCountry "IND"]
[SourceTitle "EXT 2011"]
[Source "ChessBase"]
[SourceDate "2010.11.26"]
[SourceVersion "1"]
[SourceVersionDate "2010.11.26"]
[SourceQuality "1"]

1. e4 e6 2. b3 d5 3. Bb2 Nf6 4. e5 Nfd7 5. c4 c6 6. f4 g6 7. Nf3 Be7 8. d4 b6 9. Bd3 h5 10. 0-0 Bb7 11. Nbd2 a6 12. Rc1 Ra7 13. Qc2 Nf8 14. c5 bxc5 15. dxc5 a5 16. Nd4 Qc8 17. a3 Na6 18. Bxa6 Bxa6 19. Rf3 Qb7 20. b4 Bd8 21. Rb3 a4 22. Rf3 Kd7 23. f5 gxf5 24. Nxf5 exf5 25. Qxf5+ Ke8 26. e6 fxe6 27. Re1 Rg8 28. Rxe6+ Qe7 29. Qxh5+ Kd7 30. Rxe7+ Bxe7 31. Bf6 Kd8 32. Qf7 1-0